000 00728nam a2200205 a 4500
005 20210223121914.0
008 991125s1973 es 000 0 spa u
035 _aUPN01000025820
049 _aC
050 4 _aAM5
_bE5.3 v.23-24
245 0 0 _aGalerĂ­a Nacional, Washington /
_cdir. Adolfo Moreno ; Giampaolo Gandolfo... [et al.] ; tr. Xavier Gispert.
260 _aBarcelona, Esp. :
_bArgos,
_c1973.
300 _a2 v. :
_bprincipalmente il. col.
440 0 _aEnciclopedia de los museos ;
_v23-24
650 4 _aARTE -
_xGALERIAS Y MUSEOS
_92482
610 2 4 _aNATIONAL GALLERY OF ART (WASHINGTON, ESTADOS UNIDOS)
_923641
700 1 _aMoreno, Adolfo,
_edir.
_936603
700 1 _aGandolfo, Giampaolo,
_ecoaut.
905 _aLibro
999 _c25820
_d25820